Padre rico, padre pobre : qué les enseñan los ricos a sus hijos acerca del dinero, ¡qué las clases medias y pobre no! /

Guardado en:
Autor Principal: Kiyosaki, Robert T., 1947-
Otros Autores: Lechter, Sharon L.
Formato: Libro
Idioma:Spanish
English
Publicado: Buenos Aires : Aguilar, 2005.
Materias:
Etiquetas: Agregar Etiqueta
LEADER 00998nam a22002655a 4500
001 EAD.ead000950
008 041111s2005####ag#######/####000#0#spa##
005 20171212124834.0
245 1 0 |a Padre rico, padre pobre :  |b qué les enseñan los ricos a sus hijos acerca del dinero, ¡qué las clases medias y pobre no! /  |c Robert T. Kiyosaki, con Sharon L. Lechter. 
260 |a Buenos Aires :  |b Aguilar,  |c 2005. 
300 |a 251 p. ;  |c 24 cm. 
500 |a Traducción de: Rich dad, poor dad: what the rich teach their kids about money - that the poor and middle class do not!. 
020 |a 9870400450 
100 1 |a Kiyosaki, Robert T.,  |d 1947- 
700 1 |a Lechter, Sharon L. 
080 |a 336.767 
082 0 4 |a 332.024  |2 21 
650 7 |a Inversiones.  |2 unbist 
650 7 |a Riqueza.  |2 unbist 
650 7 |a Dinero.  |2 unbist 
653 |a Lectura recreativa 
019 |a M 39098-2004 
040 |a M-BN  |b spa  |c M-BN 
041 1 |a spa  |h eng 
859 |a AR-BaBDC  |b BIB. ADMINISTRACION - Libros  |h 332.024  |i K658-1  |p b05608